| 000 | 01150nam a2200277 4500 | ||
|---|---|---|---|
| 001 | 0000020866 | ||
| 003 | CO-CtgCURN | ||
| 005 | 20250512165323.0 | ||
| 007 | ta | ||
| 008 | 160627s2000 000 0 eng d | ||
| 020 | _a9589380328 | ||
| 040 |
_aCO-CtgCURN _bspa _ccoctgcurn |
||
| 082 | 0 |
_a343.0252 _bB15e |
|
| 100 | 1 | _aBañol Betancur, Alejandro Augusto. | |
| 245 | 1 | 0 |
_aExtincion de dominio / _cAlejandro Augusto Bañol Betancur. |
| 260 |
_aMedellin : _bLibreria Juridica Sánchez R, _c2000. |
||
| 300 | _a288 p. | ||
| 336 | _2rdacontent | ||
| 337 |
_2rdamedia _asin mediacion _bn |
||
| 338 |
_2rdacarrier _avolumen _bnc |
||
| 505 | 8 | _aPolítica criminal y extincion de dominio.--Diferencias entre la extincion de dominio prevista en el art. 340 del c de p.p.--Ley 333 de 1996.--Ley 365 de 1997.--Acercamiento a la política norteamericana respecto de la extincion de dominio.--Sentencia de extincion de dominio proferida por el señor juez especializado de Medellin | |
| 650 | 1 | 4 | _aSentencias. |
| 908 | _a160627 | ||
| 942 |
_cBK _h343.0252 _iB15e _2ddc _n0 |
||
| 999 |
_c19369 _d19369 |
||